Quizzes
Events
Quiz Creation
Community
Videos
Private Events
Remove Ads
Sign In
Join for FREE
Feedback
Dark Mode
Quiz Categories
Sports
Geography
Music
Movies
Television
Just For Fun
Miscellaneous
History
Literature
Language
Science
Gaming
Entertainment
Religion
Holiday
For Kids
Quiz Lab
Recent
Popular Today
Quiz Kudos Today
Editor Picks
Curator Picks
Quizzes by...
Day
Popularity
Type
Ratings
Length
Year
Community
Subscriptions
Recent Discussions
Orange Saloon
Badges
Playlists
Quests
Create
Leaderboards
Showdown
Live 5
Trivia Bingo
Activity
Puzzle Library
Sporcle Events
Private Events
Virtual Trivia
Globe League
Become a Host
Pub Owners
SporcleCon
Opinionation
Our Games
Videos
Blog
Mobile Apps
Partnerships
Remove Ads and Go Orange
Feedback
Gaming
Video Games
Board Games
Card Games
Pokémon
Mario
Nintendo
Minecraft
Console
Toys
Legend of Zelda
Gaming
Video Games
Board Games
Card Games
Pokémon
Mario
Nintendo
Minecraft
Console
Toys
Legend of Zelda
Random Quiz
Search Sporcle
×
Quiz Lab
Quiz Lab
Gaming
Pokémon
Type in answers that appear in a list
Type in answers that appear in a list
Classic
Best Score? Go Orange.
Avian Pokemon Stats
Can you name ALL the Bird Pokemon, including flightless?
By
jaydawg
4m
60 Questions
149 Plays
149 Plays
149 Plays
Comments
Comments
Give Quiz Kudos
Give Quiz Kudos
-
- Ratings
hide this ad
Replay
Link that replays current quiz
Next Quiz
Link to next quiz in quiz playlist
You Got
0%
They Got
Avg Score
66%
Avg Friend Score
Upgrade to see
Score Distribution
Jump to the score distribution portion of the page
Score
0/60
Timer
04:00
0
Plays Today
Hint
Answer
% Correct
Normal/
Flying
Pidgey
94.6%
Normal/
Flying
Pidgeot
92.6%
Normal/
Flying
Pidgeotto
91.9%
Electric/
Flying
Zapdos
87.2%
Fire/
Flying
Moltres
87.2%
Normal/
Flying
Spearow
86.6%
Normal/
Flying
Fearow
86.6%
Ice/
Flying
Articuno
86.6%
Normal/
Flying
Hoothoot
76.5%
Normal/
Flying
Noctowl
75.2%
Dark/
Flying
Murkrow
75.2%
Normal/
Flying
Doduo
73.8%
Normal/
Flying
Swellow
73.8%
Normal/
Flying
Staravia
73.8%
Normal/
Flying
Dodrio
73.2%
Fire/
Flying
Ho-oh
73.2%
Normal/
Flying
Taillow
73.2%
Normal/
Flying
Starly
73.2%
Normal/
Flying
Staraptor
73.2%
Normal/
Flying
Farfetch'd
72.5%
Psychic/
Flying
Natu
71.8%
Psychic/
Flying
Xatu
71.8%
Steel/
Flying
Skarmory
70.5%
Water/
Flying
Pelipper
69.8%
Water/
Flying
Wingull
69.1%
Fire/
Flying
Talonflame
67.8%
Normal/
Flying
Pidove
66.4%
Water
Psyduck
64.4%
Fire
Torchic
64.4%
Water
Golduck
63.8%
Hint
Answer
% Correct
Normal/
Flying
Unfezant
63.8%
Fire/
Fighting
Combusken
63.1%
Normal/
Flying
Pikipek
63.1%
Ice/
Flying
Delibird
62.4%
Fire/
Fighting
Blaziken
62.4%
Dragon/
Flying
Altaria
62.4%
Normal/
Flying
Fletchling
61.7%
Fire/
Flying
Fletchinder
61.7%
Water
Piplup
61.1%
Normal/
Flying
Tranquill
61.1%
Grass/
Flying
Rowlet
61.1%
Normal/
Flying
Swablu
60.4%
Dark/
Flying
Honchkrow
59.7%
Normal/
Flying
Trumbeak
59.7%
Water/
Steel
Empoleon
59.1%
Grass/
Ghost
Decidueye
58.4%
Water/
Flying
Swanna
57.7%
Normal/
Flying
Toucannon
56.4%
Water/
Flying
Ducklett
56.4%
Fighting/
Flying
Hawlucha
55.7%
Water
Prinplup
54.4%
Grass/
Flying
Dartrix
53.7%
Rock/
Flying
Archen
53%
Rock/
Flying
Archeops
49.7%
Dark/
Flying
Mandibuzz
49.7%
Fire/
Electric/
Psychic/
Ghost/
Flying
Oricorio
48.7%
Normal/
Flying
Chatot
48.3%
Dark/
Flying
Vullaby
48.3%
Normal/
Flying
Braviary
47.7%
Normal/
Flying
Rufflet
45.6%
Quiz Playlist
Details
Report
Send in Message
Add To Playlist
Classic:
Type in answers that appear in a list
Last Updated: Jun 1, 2017
Quiz Scoreboard
CHALLENGE
Sign Up to Join the Scoreboard
Show All
Scores
Hide
Comments
May contain spoilers
Recently Published
Movies - When Are They Set?
by FPL_Elf
Movies
5m
Popular People in 1961
by mucciniale
History
6m
1-10 Letter E Words III
by El_Dandy
Language
2m
More to Explore
Quiz From the Vault
Featured Blog Post
Where Did the Easter Bunny Come From?
hide this ad
You Might Also Like...
Tags
Pokémon Quiz
bird
flightless
Today's Top Quizzes in Gaming
Browse Gaming
hide this ad
Today's Top Quizzes in Pokémon
Browse Pokémon
Top Contributed Quizzes in Gaming
1
Destiny 2 exotic weapons by perk icons
2
Who's on the WWE 2K24 Cover?
3
Windmill: Pokémon
4
Overwatch 2 Heroes by Selection Quote
5
Genshin murder mystery
6
Overwatch 2: Ultimate Ability Icons
7
Franchise by Action Figure
8
Legendary or Exotic?
9
Genshin Impact Logic Puzzle
10
Genshin Impact Logic Puzzle Quiz
Explore More
Trending Topics
Marvel
Disney
Kpop
Anime
Crossword
Harry Potter
NBA
Country
Soccer
Song
Puzzle
The Office
Pokémon
WWE
NFL
hide this ad
More By:
jaydawg
Quiz
Plays
Rating
Category
Featured
Created
Ash's Pokemon by Type
304
3.00
Gaming
Jun 1, 2017
Ash's Fully Evolved Pokemon
154
Entertainment
Jul 3, 2017
Avian Pokemon
149
Gaming
Mar 2, 2017
Eevee Evolution Unused Types
105
3.00
Gaming
Jun 1, 2017
Eevee's Evolutions
85
Gaming
Sep 30, 2010
Go to Creator's Profile
Score Distribution
Quiz Creator Spotlight
jaydawg
Follow
Send a Message
Quizzes Created
-
Created Quiz Play Count
-
More By This Creator
Popular Quizzes Today
1
Find the US States - No Outlines Minefield
2
Find the Countries of Europe - No Outlines Minefield
3
The Countries of the World
4
Popular People in 1961
5
1-10 Letter E Words III
6
US States
7
Find the US States
8
One Thing in Common: World Cities II
More Gaming Quizzes
9x17 Mosaic Logic Puzzle X
Quiz Lab
Trending Quizzes
Risky Map Clicking: Least Populous States A-Z
1-10 Letter F Words
Humor Books: The Subtitles
1-10 Letter G Words
One Thing in Common: United Kingdom
Recently Updated
Leaping Animals
pecheneg
Reality TV Shows (A-Z)
bhenderson79
Rickey Henderson's Hall of Fame Teammates
pecheneg
Champions League XIs: Arsenal
pecheneg
Quick Pick: Celebrities in WWE's Hall of Fame
aduchscher
A-Z Keypad Blitz II
pecheneg
Multiple Oscar Actors
pecheneg
Mystery Phrase Blitz: Oscar 'Best Actors'
pecheneg
F. Scott Fitzgerald Novels
LTH
Pick 3 Villains
ddd62291
Trending Topics
Disney
Anime
Crossword
Harry Potter
Marvel
NBA
Kpop
Puzzle
The Office
WWE
Soccer
Country
NFL
Song
Pokémon
Your Account Isn't Verified!
In order to create a playlist on Sporcle, you need to verify the email address you used during registration. Go to your
Sporcle Settings
to finish the process.
Report this User
Report this user for behavior that violates our
Community Guidelines
.
Details:
Send Report
Go to the Sporcle.com Mobile Site →
Comments